000 nam a22 4500
999 _c8983
_d8983
008 180322b ||||| |||| 00| 0 eng d
245 _aSpecial business lending program for Marawi.
260 _aPhilippines:
_bSun Star Davao,
_cc2017.
300 _apage 8.
650 0 _927053
_aBusiness.
942 _2ddc
_cPER